000 00684nam a2200157 a 4500
001 000032410
005 20200930065627.0
008 110715s1934 dr c 000 0 spa d
040 _aDO-SdBNP
_bspa
_cBNPHU
110 1 _aRepública Dominicana.
_bCámara de Comercio, Industria y Agricultura
_958344
245 1 0 _aMemoria sintética que sobre la labor realizada durante el año 1933 presenta el Sr. J. Antonio Hungria, secretario general de la institución, ante la Asamblea General celebrada el 29 de enero de 1934.
260 _a[Ciudad Trujillo, República Dominicana] :
_bImprenta La Nación,
_c1934.
300 _a157 p. :
_bretr.
_b23 cm.
049 _axxxx
_bR426m
049 _aBNPD
999 _c31901
_d31901